000 01140nam a22003377a 4500
003 CHAP
005 20220329141713.0
008 971013s1970 r 00010 d
010 _a72521
011 _a73493
035 _a83050
040 _cCHAP
090 _aTesis
100 0 0 _aGarcía Carlos, Dionisio.
_945817
245 _aComparación de cinco densidades de siembra en tres variedades de avena forrajera en General Escobedo, Nuevo León
260 _aMonterrey, N.L. :
_bEl autor,
_c1970
300 _a49 h.
_b: gráfs.
502 _aTesis (Ing. Agrónomo) -- Univ. de Nuevo León. Fac. de Agronomía
590 _aALEPH
_b10
_c20130110
_lUCH01
_h1413
590 _aBATCH-UPD
_b10
_c20130110
_lUCH01
_h0203
590 _aBATCH-UPD
_b10
_c20130110
_lUCH01
_h1947
590 _aBATCH-UPD
_b10
_c20130409
_lUCH01
_h2213
590 _aBATCH-UPD
_b10
_c20130914
_lUCH01
_h0434
590 _aCONVERSION
_b10
_c20130109
_lUCH01
_h1340
650 1 4 _aAvena como forraje.
_98556
650 1 4 _aAvena
_xEspaciamiento.
_98518
650 1 4 _aAvena
_xVariedades.
_98552
901 _aBK
942 _cTESIS
949 _bBC
_cTES
_d-37394
_eTS1
_i83050
_si
999 _c72521
_d72521